00828nam a2200241Ia 45000010006000000050017000060070003000230080041000260400025000670410008000920820022001001000019001222450055001412500013001962600043002093000019002526530019002716530017002909420012003079520119003199520131004389990017005694290120240114003525.0ta080729s1980 g b000 u asm u aCotton College Assam aasm a891.4141bD 954 N aPremnarayan, . 0aNiyatir Nirmali /cPremnarayan.hTextual Documents a3rd ed / aGauhati :bMani Manik Prakash ,c1980. a180pg ;c21cm. aAssamese Novel aT/G-Assamese 2ddccBK 001040708T/GaSKBLbSKBLd2012-02-01f00000l0o891.4141 D 954 Np78949r2024-01-14 00:00:00t1w2012-02-01yBK 001040708Circulation (G)aSKBLbSKBLd2012-02-01f00000l0o891.4141 D 954 Np78948r2024-01-14 00:00:00t2w2012-02-01yBK c42867d42867